BIBLIOTHÈQUE DE LA MAISON DU MEXIQUE

Logo 1 Logo 2

Guarijío de Arechuyvo, Chihuahua (notice nᵒ 6067)

détails MARC
000 -Sello discográfico
campo de control de longitud fija 00868nam a2200277 4500
005 - Identificación de versión
campo de control 20251022111842.0
010 ## - Número Estándar Internacional de Libros (ISBN)
Número (ISBN) 968-12-0520-0
099 ## - fechas locales
Tipo de ítem Koha LIBRO
100 ## - Datos de procesamiento general
Datos de procesamiento general 20220209d1993 m y1spay5003 ba
101 ## - Idioma del recurso
Idioma del texto, banda sonora, etc. Español; Castellano
105 ## - Campo de datos codificados: Material textual, monográfico
Datos codificados de monografía a 001zy
200 1# - Título y mención de responsabilidad
Título propio Guarijío de Arechuyvo, Chihuahua
Designación general del material texto impreso
Primer mención de responsabilidad Wick R. Miller
205 ## - Declaración de edición
Declaración de edición 1a ed
210 ## - Publicación, distribución, etc.
Lugar de publicación, distribución, etc. México
Nombre del editor, distribuidor, etc. El Colegio de México, Centro de Estudios Lingüísticos y Literarios
Fecha de publicación, distribución, etc. 1993
215 ## - Descripción física
Designación de material específico y extensión del ítem 159 p
Otras características físicas il.
Dimensiones 25 cm
345 ## - Nota de información de adquisición
Fuente de adquisición/dirección de la suscripción [OBSOLETO] Donación
410 #1 - Series
Título Archivo de lenguas indígenas de México
Número de volumen 16
606 ## - Término temático usado como materia
Elemento de entrada Gauarijío (Idioma)
Número Koha 11561
606 ## - Término temático usado como materia
Elemento de entrada Lenguaje y lenguas
Subdivisión geográfica Chihuahua (Estado)
-- Arechuyvo
Número Koha 11562
660 ## - Código de área geográfica
Código MX
700 ## - Nombre personal - Responsabilidad primaria
Elemento de entrada Miller
Parte del nombre distinta del elemento de entrada Wickliffe Raper
Fechas 1932-1994
Número Koha 11563
801 #0 - Fuente de origen
País FR
Agencia cm
Reglas de catalogación (convenciones descriptivas) AFNOR
942 ## - ELEMENTOS DE ENTRADA SECUNDARIOS (KOHA)
Tipo de ítem Koha Livre
Exemplaires
Estatus retirado Estado de daño Estado de pérdida Fecha de adquisición Biblioteca de origen Biblioteca actual Ubicación en estantería Código de barras Precio de reemplazo Signatura topográfica completa No para préstamo Tipo de ítem Koha Nota pública Nota no pública
      05/08/2025 Casa México Paris Casa México Paris   006101 05/08/2025 497.6 A673 V.16   Livre 20220209LIV 751145101